| 000 | 00699nam a2200265Ia 4500 | ||
|---|---|---|---|
| 001 | 8039 | ||
| 005 | 20240113234047.0 | ||
| 007 | ta | ||
| 008 | 050715s1996 a g b000 u eng u | ||
| 020 | _a81-7035-153-7 | ||
| 040 | _aCotton College,Assam | ||
| 041 | _aeng | ||
| 082 |
_a583 _bSh 11 Or |
||
| 100 | _aSharma, Jauti . | ||
| 245 | 0 |
_aOrchids of India: Commercialization and Conservation / _cJauti Sharma. _hTextual Documents |
|
| 250 | _a1st ed / | ||
| 260 |
_aDelhi : _bDaya Publishing , _c1996. |
||
| 300 |
_av, 156p. : _bill ; _c24cm. . |
||
| 504 | _aIndex | ||
| 653 | _aBotany | ||
| 653 | _aOrchid, India | ||
| 942 |
_2ddc _cBK |
||
| 999 |
_c8026 _d8026 |
||